000 00276nam a22001217a 4500
020 _a0-582-98871-3
082 _a621.381 SEY'E
100 _aSEYMOUR, J
_975612
245 _aELECTRONIC DEVICES AND COMPONENTS
260 _aLONDON
_bELBS
_c1981
300 _a504P
942 _cBK
999 _c581006
_d581006